Phone Brands - Statistics

General Stats
  • This quiz has been taken 33 times
  • The average score is 11 of 238
Answer Stats
Brands % Correct
iPhone / Apple
88%
Samsung
88%
Huawei
64%
Nokia
64%
Motorola
60%
Xiaomi
56%
Oppo
52%
LG
48%
Google
44%
Blackberry
40%
Oneplus
40%
Vivo
40%
Sony
36%
Asus
32%
HTC
32%
Red
32%
Lenovo
28%
Microsoft
20%
Acer
16%
Cat
16%
Fairphone
16%
Infinix
16%
Tecno
16%
ZTE
16%
Allview
12%
Panasonic
12%
Amazon
8%
Archos
8%
Blackview
8%
Cubot
8%
Doogee
8%
Itel
8%
Sharp
8%
TCL
8%
Unihertz
8%
AGM
4%
Benq
4%
BQ
4%
Cherry Mobile
4%
Elephone
4%
Gigabyte
4%
Gigaset
4%
Gionee
4%
JVC
4%
Lava
4%
Meizu
4%
Micromax
4%
myPhone
4%
Philips
4%
Plum
4%
Sonim
4%
Symphony
4%
Ulefone
4%
Walton
4%
Wiko
4%
360
0%
Aermoo
0%
Akai
0%
Alcatel(Alcatel Onetouch)
0%
Allcall
0%
Amigoo
0%
Argos
0%
ARK
0%
Assistant
0%
Avvio
0%
Bold
0%
Beex
0%
Black Fox
0%
Blaupunkt
0%
Bluboo
0%
BQ Mobile
0%
Bravis
0%
Cagabi
0%
Casner
0%
Celkon
0%
Centric
0%
Colorovo
0%
Comio
0%
Concorde
0%
Conquest
0%
Coolpad
0%
Crosscall
0%
DAJ
0%
Dexp
0%
Digma
0%
Doopro
0%
Doov
0%
Echo
0%
Ecoo
0%
Enegizer
0%
Essential
0%
Evolveo
0%
Explay
0%
Finepower
0%
Fly
0%
Flycat
0%
Freetel
0%
Fujitsu
0%
Geecoo
0%
Geotel
0%
Ginzzu
0%
Gome
0%
Gooweel
0%
Gretel
0%
Haier
0%
Happymobile
0%
Haus
0%
Helio
0%
Highscreen
0%
Hisense
0%
Homtom
0%
Hotwav
0%
Hyve
0%
Icemobile
0%
ILA
0%
iMan
0%
Impression
0%
iNew
0%
InFocus
0%
Innjoo
0%
iNoi
0%
INO Mobile
0%
Intex
0%
iOutDoor
0%
IQM
0%
Irbis
0%
Ivoomi
0%
Jeasung
0%
Jesy
0%
Jiayu
0%
Jinga
0%
Just5
0%
Karbonn
0%
Kazam
0%
Keneksi
0%
Kenxinda
0%
Kingzone
0%
Kodak
0%
Kogan
0%
Konka
0%
Koobee
0%
Koolnee
0%
Kult
0%
KXD
0%
Kyocera
0%
Land Rover
0%
Landvo
0%
Lanix
0%
Leagoo
0%
Leeco
0%
Leree
0%
Letv
0%
Lumigon
0%
LYF
0%
Maxvi
0%
Maxwest
0%
Maze
0%
Meiigoo
0%
Meitu
0%
M-Horse
0%
Mlais
0%
Mobiistar
0%
Mpie
0%
Multilaser
0%
Mywigo
0%
Neffos
0%
Nexian
0%
Nextbit
0%
NOA
0%
Nobby
0%
Nomi
0%
Nomu
0%
Nuu Mobile
0%
Okwu
0%
Onkyo
0%
Oukitel
0%
Palm
0%
Phicomm
0%
Phonemax
0%
Pixelphone
0%
Pixus
0%
Pluzz
0%
Polaroid
0%
Poptel
0%
Posh Mobile
0%
PPTV
0%
Prestigio
0%
Qiku
0%
qMobile
0%
Razer
0%
Ruggear
0%
Runbo
0%
Senseit
0%
Sigma Mobile
0%
Siswoo
0%
Smartisan
0%
Snopow
0%
Spice
0%
Starmobile
0%
Sugar
0%
Superd
0%
Swipe
0%
Texet
0%
THL
0%
Timmy
0%
Uhans
0%
Uhappy
0%
Ukozi
0%
UMI
0%
Umidigi
0%
Vargo
0%
Vernee
0%
Vertex
0%
Vertu
0%
Verykool
0%
Vestel
0%
Videocon
0%
Vkworld
0%
Vodafone
0%
Vsmart
0%
Weimei
0%
Wieppo
0%
Wigor
0%
Wileyfox
0%
Wolder
0%
Xgody
0%
Xiaolajiao
0%
Xolo
0%
Xtouch
0%
Yandex
0%
Yezz
0%
Yota
0%
Yu
0%
Zen
0%
Zoji
0%
Zopo
0%
ZUK
0%
No matching quizzes found
Score Distribution
Percent of People with Each Score
Percentile by Number Answered
Your Score History
You have not taken this quiz